| 000 | 01058nam a2200337 c 4500 | ||
|---|---|---|---|
| 999 |
_c344862 _d344862 |
||
| 003 | BLK | ||
| 005 | 20221107131628.0 | ||
| 008 | 180911b bul|||||r ||||||| ||bul|| | ||
| 010 | _a004528 | ||
| 040 | _aBLK | ||
| 041 |
_aFRE _cBUL |
||
| 080 |
_aВолтер, Франсоа _x92 _z840-82840(092)92 |
||
| 100 | 1 |
_aVoltaire _qFrancois-Marie Arouet _eпърви автор _927468 |
|
| 139 | _aVoltaire | ||
| 245 | 0 | 0 | _aOeuvres choisies |
| 260 |
_aParis _bHatier _c1920 |
||
| 300 |
_aXXIV, 1013 с _bс ил. _c18 см |
||
| 380 | _a82 | ||
| 490 | _aColl. d'auteurs Francais | ||
| 490 |
_aЧастна колекция - Академик Михаил Арнаудов _gДарение - Основен фонд |
||
| 500 | _aМихаил Арнаудов: подпис | ||
| 650 |
_aБиографии _9148657 |
||
| 650 |
_aПисатели _9166332 |
||
| 655 |
_aфренска литература _9396933 |
||
| 852 | _aМА 931 | ||
| 856 |
_i0.00 _ldisable |
||
| 942 |
_cKNG _n0 _s1 |
||
| 944 |
_aCR _c1996 _kValK |
||
| 999 | _d344862 | ||
| 999 | _d344862 | ||
| 999 | _d344862 | ||